00949cam a22003135a 450000100090000000300040000900500170001300800410003001000170007101500190008801600180010702000250012502000220015003500240017204000250019604200140022105000230023508200160025810000190027424500840029326000420037730000410041950000550046050000200051565000270053565000330056270000190059570000210061415619012OSt20150408114102.0090210s2008 enk ak 001 0 eng  a 2009285406 aGBA8D20412bnb7 a0148223542Uk a9781906403195 (pbk.) a1906403198 (pbk.) a(OCoLC)ocn276226962 aUKMcUKMdBWKUKdDLC alccopycat00aHG3881b.C598 200804a332.0422221 aCollyer, Gary.10aInternational financial services /cGary Collyer, Paul Cowdell, Peter McGregor. aLondon :bGlobal Professional,c2008. axvi, 394 p. :bill., forms ;c24 cm. aFormerly published as International trade finance. aIncludes index. 0aInternational finance. 0aFinancial services industry.1 aCowdell, Paul.1 aMcGregor, Peter.